[Event "32nd Reykjavik Open 2017"]
[Site "Reykjavik"]
[Date "2017.04.25"]
[Round "8"]
[White "Landa, Konstantin"]
[Black "Ris, Robert"]
[Result "1-0"]
[WhiteElo "2611"]
[BlackElo "2419"]
[Annotator "TA"]
[PlyCount "81"]
[EventDate "2017.??.??"]
[EventType "swiss"]
[EventCountry "ISL"]
[SourceTitle "playchess.com"]
[Source "ChessBase"]
[SourceQuality "1"]

{[%evp 19,81,13,8,-18,6,0,13,0,12,-8,0,0,0,0,7,0,24,27,75,10,25,24,32,35,27,30,41,20,29,23,31,8,4,0,0,0,0,0,15,16,94,110,111,114,246,240,236,226,473,478,473,482,1545,1507,1441,1371,866,775,4100,4789,5507,5065,5427,5065]} 1. e4 e6 2. d4 d5 3. Nc3 {[%cal Bb1c3,Bc3b5,Bb5d4][%mdl 32]} Bb4 {[%cal Bf8b4,Bb4a5,Ba5c7,Bc7b6][%mdl 32]} 4. e5 c5 5. a3 Ba5 6. b4 cxd4 7. Nb5 Bc7 8. f4 Bd7 9. Nf3 Ne7 10. Nbxd4 Nbc6 11. Bb2 {C18: French: 3 Nc3 Bb4: Main line: 7 h4 and 7 Qg4} (11. c3 O-O 12. Bd3 f6 13. exf6 Rxf6 14. O-O h6 15. g3 e5 16. fxe5 Nxe5 17. Nxe5 Rxf1+ 18. Qxf1 Bxe5 {0-1 (72) Bruzon Batista,L (2659)-Ivanchuk,V (2726) Berlin 2015}) 11... Bb6 12. Bd3 a6 13. Qe2 {The position is equal.} Rc8 $146 (13... Nxd4 14. Nxd4 Nc6 15. c3 Nxd4 16. cxd4 Qh4+ 17. g3 Qh3 18. O-O-O Ba4 19. Rdf1 {½-½ (29) Michalek,J (2335)-Burdik,L (2241) Czechia 2010}) 14. Qf2 Nxd4 15. Bxd4 Bxd4 16. Nxd4 Qb6 17. O-O Ba4 18. f5 exf5 19. Bxf5 (19. Nxf5 $6 Qxf2+ 20. Rxf2 Nxf5 21. Bxf5 Rc3 $11) (19. Kh1 $1 $16) 19... Rc4 ({Much worse is} 19... Nxf5 20. Nxf5 Qxf2+ 21. Rxf2 $16) 20. Rad1 O-O 21. Be6 {[%cal Re6f7]} Be8 22. Bh3 Nc6 23. Nf5 Qxf2+ 24. Rxf2 Nxe5 25. Nd6 $36 {[%mdl 2048] White has some pressure.} Rc7 26. Rxd5 Nc4 27. Rc5 Rxc5 28. bxc5 Nxd6 ({Of course not} 28... Nxa3 29. c4 $16 (29. Nxb7 Bc6 30. Nd6 Nb5 $14)) (28... Bb5 $5 {seems wilder.} 29. Nxb7 Re8 30. Rf4 Nxa3 31. Nd6 Re1+) 29. cxd6 $11 {[%mdl 4096] Endgame Strongly threatening d7. KRB-KRB} Bc6 (29... Bb5 $1 $11) 30. c4 $1 $16 {[%cal Bc2c4,Bc4c5,Bc5b6,Bb6b7][%mdl 32]} Rd8 31. c5 b6 (31... g6 $16 {was called for.}) 32. cxb6 $18 Rxd6 {[#]} 33. Bc8 $1 Bb5 $2 (33... Rd1+ 34. Rf1 Rd2) 34. Rd2 {White is clearly winning.} Rxd2 35. b7 Rxg2+ (35... Rd1+ $142 36. Kf2 Rd2+ 37. Kg3 {[#]} Rxg2+ $1 {[%mdl 512]} 38. Kxg2 Bc6+ 39. Kf2 Bxb7 40. Bxb7 a5) 36. Kxg2 {KB-KB} Bc6+ 37. Kf2 Bxb7 38. Bxb7 a5 39. Ke3 h5 40. Kd4 g6 41. Ke4 1-0

[Event "32nd Reykjavik Open 2017"]
[Site "Reykjavik"]
[Date "2017.04.25"]
[Round "8"]
[White "Beliavsky, Alexander G"]
[Black "Sundararajan, Kidambi"]
[Result "1-0"]
[WhiteElo "2597"]
[BlackElo "2422"]
[Annotator "TA"]
[PlyCount "91"]
[EventDate "2017.??.??"]
[EventType "swiss"]
[EventCountry "ISL"]
[SourceTitle "playchess.com"]
[Source "ChessBase"]
[SourceQuality "1"]

{[%evp 20,91,41,39,41,43,44,21,31,32,35,31,31,25,23,20,19,17,19,0,0,0,19,0,0,0,0,0,0,0,35,36,23,0,0,0,0,0,0,0,18,11,64,66,73,73,69,53,67,57,72,79,78,80,98,89,110,79,103,100,144,143,240,222,443,441,764,747,980,735,5206,5097,2504,2454]} 1. d4 Nf6 2. c4 e6 3. g3 d5 4. Bg2 Bb4+ 5. Bd2 Be7 6. Nf3 O-O 7. O-O Nbd7 8. Qc2 c6 9. Bf4 Nh5 10. Bc1 f5 {E08: Closed Catalan: Main Line: 7 Qc2} 11. Nc3 {[%cal Bb1c3,Bc3e2,Be2f4][%mdl 32] LiveBook: 4 Games} Bd6 12. b3 $146 (12. Ng5 Qe8 13. f4 Ndf6 14. c5 Bc7 15. b4 h6 16. Nf3 Ne4 17. Nxe4 dxe4 {½-½ (68) Weber,L-Oney,F Teeside 1973}) 12... Qe7 {White is slightly better.} 13. Bb2 Nhf6 14. e3 Ne4 15. Ne2 b6 16. Ne5 Bb7 17. f3 {And now Nxd7 would win.} Nef6 18. Nf4 Rac8 19. Rac1 c5 20. Qd2 Rfd8 21. cxd5 Nxd5 22. Nxd5 Bxd5 23. Nc4 Bb8 24. Qe2 e5 25. dxe5 Nxe5 26. Rfd1 {Hoping for Rxd5!} Nxc4 27. bxc4 Bc6 28. f4 Bxg2 29. Kxg2 Qe4+ 30. Qf3 Qxf3+ (30... Qe6 $11) 31. Kxf3 $14 Kf7 32. h3 g6 33. g4 Ke6 34. Bc3 Rd6 35. gxf5+ gxf5 36. Rg1 Rd7 37. Rg5 Bc7 38. Ke2 Rf8 39. Rcg1 Bd8 {[#]} 40. Rh5 $1 Bf6 (40... Rdf7 $16 {was necessary.} 41. Kf3 (41. Rh6+ Kd7 $16) 41... Kd7) 41. Rh6 $18 Re7 $2 {[#]} (41... Ke7) 42. e4 $1 {[%mdl 512] White is clearly winning.} Rff7 (42... Ree8 $142 43. Rg5 Ke7) (42... fxe4 43. f5+) 43. Rd1 fxe4 44. Rd5 {[%csl Gd5][%cal Rf4f5]} Rc7 45. Bxf6 Rxf6 46. Re5+ 1-0

[Event "32nd Reykjavik Open 2017"]
[Site "Reykjavik"]
[Date "2017.04.25"]
[Round "8"]
[White "Ramirez, Alejandro"]
[Black "Soumya, Swaminathan"]
[Result "1/2-1/2"]
[WhiteElo "2555"]
[BlackElo "2349"]
[Annotator "TA"]
[PlyCount "109"]
[EventDate "2017.??.??"]
[EventType "swiss"]
[EventCountry "ISL"]
[SourceTitle "playchess.com"]
[Source "ChessBase"]
[SourceQuality "1"]

{[%evp 14,109,3,-24,0,-2,-2,-10,-14,-22,-5,-14,28,0,11,0,6,0,0,0,0,-53,-23,-52,-43,-34,-26,-20,-16,-14,-13,-40,-30,-30,-15,-19,-18,-26,0,-25,0,-15,10,10,10,10,14,18,13,-1,-1,-1,-1,-1,-1,-25,43,27,31,22,47,26,23,15,118,142,171,164,248,237,270,226,352,367,542,528,5193,4132,29972,29974,29976,29977,29977,8,8,8,8,8,8,8,8,8,8,8,8,8,8,8]} 1. c4 c5 2. Nc3 Nc6 3. Nf3 g6 4. g3 Bg7 5. Bg2 e6 6. d3 Nge7 7. Bd2 d5 {A37: Symmetrical English vs ...g6: 4 Bg2 Bg7 5 Nf3} (7... b6 8. Qc1 h6 9. O-O Bb7 10. a3 d6 11. Rb1 Qd7 12. b4 Rd8 13. Nb5 Ba8 14. Rd1 g5 15. bxc5 bxc5 {½-½ (55) Bachmann,A (2642)-Bologan,V (2654) Philadelphia 2016}) 8. Qc1 {LiveBook: 4 Games} b6 9. Bh6 O-O 10. Bxg7 $146 (10. h4 Bxh6 11. Qxh6 Nf5 12. Qf4 f6 13. cxd5 exd5 14. g4 Ng7 {1-0 (51) Lambert,A (2166)-Dranischnikov,E (2342) Worms 2013}) 10... Kxg7 11. cxd5 exd5 12. d4 Ba6 13. dxc5 bxc5 14. Na4 Qa5+ 15. Qc3+ Qxc3+ 16. bxc3 c4 17. O-O-O (17. O-O $11) 17... Rab8 $15 18. Nc5 Bc8 {Strongly threatening ...Rb5.} 19. e4 $1 {[%cal Re4d5]} Rb5 (19... dxe4 $5 {feels hotter.} 20. Nxe4 Bf5 21. Rhe1 Rb5 22. Nh4 Rfb8) 20. exd5 Rxc5 21. dxc6 Nxc6 22. Nd4 Ne5 {...Nd3+ is the strong threat.} 23. Be4 Ba6 24. Kd2 Ra5 25. Ra1 Rc8 26. Rhe1 Rc7 (26... Ra3 $5 {is more complex.} 27. Reb1 Nd7 28. Bc6 Nc5 29. Kc2 h5) 27. a4 Nd3 (27... Bb7 $5 {is interesting.} 28. Nb5 Rd7+ 29. Kc2 Kf6 30. f4 Nf3) 28. Bxd3 cxd3 29. Reb1 Rac5 30. Ra3 Bc4 31. a5 Ba6 32. Rb8 Re7 33. Ra4 Ree5 34. Rbb4 Rxa5 (34... Rc8 $11) 35. c4 $14 {[%cal Bc3c4,Bc4c5,Bc5c6][%mdl 32] aiming for Nc6.} Bc8 36. Kxd3 Bd7 37. Rxa5 Rxa5 {[%mdl 4096] Endgame KRB-KRN} 38. Rb7 Be8 {[#]} (38... Bh3 $11 {remains equal.}) 39. c5 $1 $16 {[%mdl 512]} Kf6 (39... Rxc5 40. Ne6+) 40. c6 Rc5 (40... Ra2 $142 41. f3 Ra3+ 42. Ke4 (42. Kc4 Ra2 43. Kd5 h5 $18) 42... Ra4) 41. Rxa7 $18 Kg5 42. Rc7 Kg4 (42... Kf6 $142 43. h4 Rc1) 43. Rc8 Bxc6 (43... Re5 {was called for.} 44. c7 Re7) 44. Rxc6 Rxc6 45. Nxc6 {KN-K3P} Kf3 46. Ne5+ Kxf2 47. Nxf7 {KN-KPP} Kg2 48. g4 $2 {[#]} (48. Ke3 {mates} Kxh2 49. Kf2 Kh3 50. Ne5 Kh2 51. Ng4+ Kh3 52. Nh6 Kh2 53. g4) 48... h5 $1 $11 {The position is equal.} 49. g5 Kxh2 50. Ke2 Kg3 51. Kf1 Kf3 52. Kg1 Kg3 53. Kh1 Kh3 54. Ne5 Kh4 55. Nxg6+ 1/2-1/2

[Event "32nd Reykjavik Open 2017"]
[Site "Reykjavik"]
[Date "2017.04.25"]
[Round "8"]
[White "Donchenko, Alexander"]
[Black "Giri, Anish"]
[Result "0-1"]
[WhiteElo "2554"]
[BlackElo "2771"]
[Annotator "TA"]
[PlyCount "86"]
[EventDate "2017.??.??"]
[EventType "swiss"]
[EventCountry "ISL"]
[SourceTitle "playchess.com"]
[Source "ChessBase"]
[SourceQuality "1"]

{[%evp 23,86,22,33,38,33,15,33,0,86,92,95,95,75,91,122,73,89,67,79,70,61,-4,-12,-29,-29,-188,-197,-504,-487,-483,-502,-431,-492,-502,-448,-538,-513,-712,-794,-689,-460,-627,-598,-550,-323,-284,-267,-772,-762,-965,-954,-805,-484,-762,-650,-243,-223,-1093,-1083,-1025,-1011,-910,-853,-1948,-1816]} 1. Nf3 d5 2. d4 e6 3. c4 c6 4. Qc2 Nf6 5. Nbd2 Nbd7 6. g3 Be7 7. Bg2 O-O 8. O-O b6 9. e4 Bb7 10. e5 Ne8 11. cxd5 cxd5 12. Re1 Rc8 13. Qa4 {E09: Closed Catalan: Main Line: 7 Qc2 c6 8 Nbd2} (13. Qd3 Nb8 14. Nf1 Ba6 15. Qd1 Nc6 16. Ne3 Nb4 17. Bf1 Bxf1 18. Rxf1 b5 19. h4 f6 20. a3 Nc6 {½-½ (55) Swiercz,D (2629)-Kovalenko,I (2650) Poland 2015}) 13... Nc7 14. Bf1 (14. Qxa7 $2 Bc6 15. Nf1 Ra8 16. Qxa8 Qxa8 $19) 14... Qe8 15. Kg2 $146 {White is slightly better.} (15. a3 a5 16. Qc2 Ba6 17. Bxa6 Nxa6 18. Qd3 Nc7 19. Nb1 f6 20. Bf4 fxe5 21. Nxe5 Nxe5 22. Bxe5 {½-½ (40) Boucher,W (2448)-Myers,D (2424) ICCF email 2009}) 15... Nb8 (15... a6 $11) 16. Qxa7 $16 Ba8 17. Qxb6 Nc6 18. Qb3 f6 19. Qe3 Qf7 {next ...fxe5 is good for Black.} 20. exf6 Bxf6 21. Kg1 Rce8 22. Qf4 (22. Bg2 $14) 22... g5 $1 $11 {[%cal Rg5f4]} 23. Nxg5 Qg7 $1 24. Nh3 $2 (24. Ndf3 $1 $11 {and White is okay.}) 24... Nxd4 $19 {Hoping for ...e5.} (24... Bxd4 25. Qh4 $16) 25. Bd3 $2 (25. Rb1 {is a better chance.}) 25... e5 {[%cal Be6e5,Be5e4][%mdl 32]} 26. Qe3 e4 27. Bb1 Nce6 28. Kh1 Kh8 29. a4 Qg4 30. Nf4 Nxf4 31. Qxf4 Qg7 (31... Qxf4 $2 32. gxf4 Bh4 33. b4 Bxf2 34. Bb2 $19) 32. Qe3 Bg5 33. f4 Bf6 {[%cal Bg5f6,Bf6d4,Bd4f2][%mdl 32]} 34. Ra3 Nf5 35. Qb6 $2 (35. Qe2 d4 36. Nxe4 (36. Bxe4 $2 Nd6 37. Qf3 Qc7 $19)) 35... Bd4 ({Not} 35... Rb8 36. Qa5 $19) 36. Qb5 Bf2 ({Weaker is} 36... Rb8 37. Qf1 $17) 37. Rf1 Ba7 38. Ba2 (38. Qe2 $142 d4 39. Bxe4) 38... d4 {[%cal Bd5d4,Bd4e3][%mdl 32]} 39. Bd5 {[#] And now Bxa8 would win.} Rb8 $1 {[%cal Rb8b5]} 40. Qc4 $2 (40. Qa5 Bb6 41. Qb5) 40... Rfc8 {Black is clearly winning.} 41. Qa2 Ne3 42. Rxe3 dxe3 43. Nxe4 {[#]} Qf7 $1 {[%mdl 512]} 0-1

[Event "32nd Reykjavik Open 2017"]
[Site "Reykjavik"]
[Date "2017.04.25"]
[Round "8"]
[White "Ziska, Helgi Dam"]
[Black "Tarjan, James E"]
[Result "1/2-1/2"]
[WhiteElo "2553"]
[BlackElo "2414"]
[Annotator "TA"]
[PlyCount "118"]
[EventDate "2017.??.??"]
[EventType "swiss"]
[EventCountry "ISL"]
[SourceTitle "playchess.com"]
[Source "ChessBase"]
[SourceQuality "1"]

{[%evp 24,118,25,10,24,24,25,21,25,20,29,18,10,10,28,-10,8,0,0,-26,11,-16,12,-87,-91,-72,-66,-119,-115,-112,-110,-107,-108,-186,-189,-189,-180,-190,-84,-73,-71,-87,-75,-88,-86,-114,-58,-61,-45,-45,-30,-32,-32,-62,-43,-93,-92,-87,-20,-20,-6,-7,0,0,0,0,0,0,0,0,0,0,8,-266,12,12,12,0,169,0,0,0,0,0,0,0,0,0,0,0,0,0,0,0,0,0,0]} 1. e4 e5 2. Nf3 Nc6 3. Bb5 a6 4. Ba4 Nf6 5. O-O Be7 6. d3 b5 7. Bb3 d6 8. a4 Bd7 9. c3 O-O 10. Nbd2 Na5 11. Bc2 c5 12. Re1 Qc7 13. Nf1 {[#] LiveBook: 19 Games. C90: Closed Ruy Lopez with 7...d6: Early deviations} Rab8 $146 (13... h6 14. Ne3 c4 15. d4 Rfe8 16. axb5 axb5 17. Nd5 Nxd5 18. exd5 Bf8 19. h3 Rad8 20. Be3 Nb3 21. Bxb3 cxb3 22. dxe5 dxe5 23. Qxb3 {½-½ (33) Efimenko,Z (2689)-Kamsky,G (2755) Eilat 2012}) 14. axb5 axb5 15. Bg5 {White has an edge.} Be6 16. Ne3 Ra8 17. Rc1 Rfc8 18. Bh4 h6 19. b4 Nc6 20. Bxf6 Bxf6 (20... gxf6 $6 21. bxc5 dxc5 22. Nh4 $16) 21. Bb3 Ra3 22. Bd5 Qd8 23. Qd2 (23. bxc5 $11 {remains equal.} dxc5 24. h3) 23... cxb4 $17 24. cxb4 Nd4 25. Ra1 ({White should try} 25. Nxd4 $15 exd4 26. Nf5) 25... Rxa1 26. Rxa1 Nxf3+ 27. gxf3 Bg5 28. Rc1 (28. Bxe6 $17 fxe6 29. Qa2) 28... Bxd5 $19 29. exd5 Ra8 30. d4 Qf6 (30... Bf4 $19 {Hoping for ...Qg5+.} 31. dxe5 Qg5+ 32. Kf1 Qh5) 31. dxe5 $17 Qxe5 32. Qc3 {With the idea Qxe5.} Qf4 33. Kg2 g6 34. Qd3 Qe5 (34... Qh4 $17 35. Rc7 h5) 35. Qe4 $15 Qxe4 (35... Qf6 $5 {seems wilder.} 36. Ng4 Qd8 37. f4 h5 38. Ne3 Bh6) 36. fxe4 {[%mdl 4096] Endgame KRB-KRN} Ra4 37. Rc8+ Kg7 38. Nc2 Kf6 39. Kg3 Bd2 40. Rd8 Ke7 (40... Bxb4 $17 {Threatens to win with ...Bc5.} 41. Nxb4 Rxb4) 41. Rb8 $11 Ra2 42. Nd4 Be1 43. Nc6+ Kf6 44. Rd8 Bxf2+ 45. Kf3 Bg1 46. Rxd6+ Kg5 47. e5 Rf2+ $1 ({Much weaker is} 47... Rxh2 $6 48. e6 fxe6 49. dxe6 Rf2+ 50. Ke3 Rf8+ 51. Ke4 Rf4+ 52. Kd3 Rf3+ 53. Kc2 $16) 48. Kg3 $2 {[%mdl 8192] [#]} (48. Ke3 $11 {and White has nothing to worry.}) 48... Rxh2 $2 (48... f5 $1 $19 {[%cal Rf5f4]} 49. exf6 (49. h4+ $2 Kh5 50. Rf6 g5 51. hxg5 hxg5 52. Rxf5 Rxf5 $19) 49... Bxh2+ 50. Kxf2 Bxd6) 49. e6 f5 {[%cal Bf7f5,Bf5f4][%mdl 32] ( -> ...Rf2)} 50. e7 f4+ $1 51. Kf3 Kf5 $1 {[%csl Gg1][%cal Rh2f2] The position is equal.} ({But not} 51... Rf2+ $2 52. Ke4 Re2+ 53. Kd3 Re3+ 54. Kd2 $18) 52. Nd4+ $1 Bxd4 {[%csl Gd4][%cal Rh2f2] [#]} 53. Rf6+ $1 {[%mdl 512]} Kxf6 (53... Bxf6 54. e8=Q) 54. e8=Q Rf2+ 55. Kg4 {Qh8+ is the strong threat.} h5+ 56. Kh3 {Strongly threatening Qh8+.} Rf3+ 57. Kh2 {aiming for Qh8+.} Rf2+ 58. Kh3 {Black must now prevent Qh8+.} Rf3+ 59. Kh2 Rf2+ 1/2-1/2

[Event "32nd Reykjavik Open 2017"]
[Site "Reykjavik"]
[Date "2017.04.25"]
[Round "8"]
[White "Hjartarson, Johann"]
[Black "L'Ami, Erwin"]
[Result "1/2-1/2"]
[WhiteElo "2536"]
[BlackElo "2614"]
[Annotator "TA"]
[PlyCount "73"]
[EventDate "2017.??.??"]
[EventType "swiss"]
[EventCountry "ISL"]
[SourceTitle "playchess.com"]
[Source "ChessBase"]
[SourceQuality "1"]

{[%evp 13,73,14,28,16,27,-10,-4,-9,-4,-3,-4,0,0,-15,0,0,0,-19,-16,-51,-34,-72,22,28,33,30,51,54,92,89,81,81,97,103,112,118,117,63,63,63,56,47,94,109,104,87,101,109,100,111,83,66,66,66,66,66,66,66,66,74,81,66]} 1. d4 f5 2. g3 Nf6 3. Bg2 e6 4. Nf3 d5 5. O-O Bd6 6. c4 O-O 7. b3 b6 8. Bb2 {A90: Dutch Defence: Miscellaneous and Modern Stonewall (with ...Bd6)} (8. Ba3 Bb7 9. cxd5 Nxd5 10. Qd2 Qe7 11. Bxd6 cxd6 12. Rc1 Nd7 13. Nc3 Nxc3 14. Rxc3 Nf6 15. Qb2 Ne4 {½-½ (32) Andreikin,D (2737)-Vallejo Pons,F (2711) Tallinn 2016}) 8... Bb7 9. Nbd2 Ne4 $146 (9... Nbd7 10. Ne5 Qe7 11. Rc1 c5 12. cxd5 Bxd5 13. Bxd5 exd5 14. Nxd7 Qxd7 15. Nf3 Be7 {1-0 (39) Castaneda,J (2131)-Castro Rojas,O (2375) Medellin 2012}) 10. Ne5 {The position is equal.} Nd7 11. Ndf3 Nxe5 12. dxe5 Bc5 13. cxd5 Qxd5 14. Qc2 Rad8 15. Rac1 a5 16. a3 h6 17. e3 {[#]} Qd3 (17... Ba6 $1 $17 {[%cal Ra6f1]} 18. Rfe1 {[#]} (18. Rfd1 Bd3 19. Rxd3 Qxd3 $17) 18... a4 $1 {[%mdl 512]}) 18. Nd4 $11 Qxc2 19. Rxc2 Bd5 20. f3 Ng5 21. h4 Nf7 22. f4 Rfe8 23. h5 Rd7 24. Bxd5 Rxd5 25. Rfc1 (25. b4 $16 Bxd4 26. Bxd4 (26. exd4 axb4 27. axb4 Re7 $16)) 25... Nd8 $14 26. Rc4 Bxd4 27. exd4 {[%cal Be3d4,Bd4c5][%mdl 32]} ({But not} 27. Bxd4 c5 28. Bc3 Nb7 $15) 27... c5 28. dxc5 b5 29. Rd4 Rxd4 30. Bxd4 $16 {[%mdl 4096] Endgame KRB-KRN} Nc6 31. Bf2 Rd8 32. b4 a4 33. Rc3 g6 34. hxg6 Kg7 35. Kf1 Kxg6 36. Ke2 h5 37. Rc1 1/2-1/2

[Event "32nd Reykjavik Open 2017"]
[Site "Reykjavik"]
[Date "2017.04.25"]
[Round "8"]
[White "Harika, Dronavalli"]
[Black "Yilmaz, Mustafa"]
[Result "1/2-1/2"]
[WhiteElo "2521"]
[BlackElo "2614"]
[Annotator "TA"]
[PlyCount "61"]
[EventDate "2017.??.??"]
[EventType "swiss"]
[EventCountry "ISL"]
[SourceTitle "playchess.com"]
[Source "ChessBase"]
[SourceQuality "1"]

{[%evp 22,61,39,22,37,29,67,70,59,18,33,29,38,33,64,-12,0,0,-27,-45,28,0,4,-15,-15,-15,-26,-30,-37,-17,7,9,9,0,184,140,141,122,134,121,127,93]} 1. e4 c5 2. Nf3 d6 3. d4 cxd4 4. Nxd4 Nf6 5. Nc3 a6 6. h3 e6 7. g4 Be7 {B81: Sicilian Scheveningen: Keres Attack} 8. g5 Nfd7 9. h4 b5 10. a3 Bb7 11. Be3 Nc6 12. Qd2 {LiveBook: 31 Games} O-O 13. O-O-O Nc5 14. f3 $1 Rb8 15. Nxc6 Bxc6 {[#]} 16. b4 $146 Nd7 17. h5 a5 18. g6 (18. Be2 $14) 18... axb4 (18... hxg6 19. h6 gxh6 20. Bxh6 $14) 19. axb4 Ra8 20. Rg1 (20. Nxb5 $6 Bf6 21. Nd4 (21. Qxd6 Ra1+ 22. Kd2 Be7 $15) 21... Ra3 $11) (20. Bxb5 Bxb5 21. gxh7+ (21. Nxb5 fxg6 22. hxg6 hxg6 $11) 21... Kxh7 22. Nxb5 Bf6 23. Qxd6 Ne5 24. Qxd8 Rfxd8 25. Rxd8 Ra1+ 26. Kd2 (26. Kb2 Rxh1 27. Rc8 Nc4+ 28. Kb3 Nxe3 $17) 26... Rxh1 $11) 20... Qc8 ({Black should play} 20... fxg6 $15 21. hxg6 hxg6) 21. gxh7+ $40 {[%mdl 128] White attacks.} (21. Bxb5 Bxb5 22. Nxb5 hxg6 $17) 21... Kxh7 22. Bg5 (22. Bxb5 Ra1+ 23. Kb2 Rxd1 24. Rxd1 Bxb5 25. Nxb5 Ne5 $17) 22... Ra1+ 23. Kb2 Rxd1 24. Qxd1 Bxg5 25. Rxg5 Qd8 26. f4 Qe7 $1 27. Bxb5 Rc8 $2 (27... d5 $1 $11 {and Black is okay.} 28. Kb3 (28. Bxc6 Qxb4+ 29. Ka2 Qc4+ 30. Kb2 Rb8+ 31. Bb5 Qb4+ 32. Kc1 Qxc3 $19) (28. Qd4 e5 29. Nxd5 Bxd5 30. Qxd5 Qxb4+ 31. Qb3 Qd4+ 32. Qc3 Qb6 $11) 28... Rb8 29. exd5 (29. Qd4 e5 30. Qg1 Bxb5 $15) 29... Nc5+ 30. Kb2 (30. bxc5 Bxb5 31. Qd4 f6 32. Nxb5 Rxb5+ 33. Kc4 Qb7 34. Qe4+ Kh8 35. Qxe6 Rb4+ 36. Kc3 fxg5 37. Qe8+ Kh7 38. fxg5 Rf4 39. Qg6+ Kg8 40. Qe8+ Rf8 41. Qe6+ Qf7 $17) 30... exd5 31. Bxc6 (31. Qd4 $2 Ne6 32. Re5 Kg8 $19) 31... Rxb4+ 32. Kc1 Qf6 33. Qxd5 Qxc3 34. Qf5+ Kh8 35. Qc8+ Kh7 36. Qf5+ Kg8 37. Qc8+ Kh7 38. Qf5+) 28. Bxc6 Rxc6 29. Qd4 {[%csl Gg5][%cal Rd4g7] [#]} Qf8 30. b5 Rc8 31. h6 ({Much weaker is} 31. e5 $6 d5 32. Rg1 Nb6 $15) 1/2-1/2

[Event "32nd Reykjavik Open 2017"]
[Site "Reykjavik"]
[Date "2017.04.25"]
[Round "8"]
[White "Liang, Awonder"]
[Black "Ristoja, Samu"]
[Result "1-0"]
[WhiteElo "2483"]
[BlackElo "2228"]
[Annotator "TA"]
[PlyCount "98"]
[EventDate "2017.??.??"]
[EventType "swiss"]
[EventCountry "ISL"]
[SourceTitle "playchess.com"]
[Source "ChessBase"]
[SourceQuality "1"]

{[%evp 27,98,15,179,182,181,180,184,162,177,86,86,86,86,86,89,86,86,70,78,70,235,222,240,219,218,230,259,243,272,239,336,290,419,419,409,386,354,352,435,428,427,409,504,504,493,440,501,491,479,442,408,400,412,400,586,587,536,522,568,554,625,610,610,610,596,493,596,550,1423,1325,29977,29978,29986]} 1. d4 Nf6 2. c4 e6 3. Nf3 d5 4. Nc3 dxc4 5. e4 Bb4 6. Bg5 c5 7. Bxc4 cxd4 8. Nxd4 Qa5 9. Bxf6 Bxc3+ 10. bxc3 Qxc3+ 11. Kf1 gxf6 12. Rc1 Qa5 13. h4 Ke7 {D39: Queen's Gambit Declined: Ragozin Defence with 5 Bg5 dxc4} 14. Rh3 Rd8 $2 {LiveBook: 17 Games} (14... Nc6 $1 $11 {and Black has nothing to worry.}) 15. Re3 $1 $18 Nc6 {[#]White is clearly better.} 16. Nf5+ $1 exf5 17. exf5+ {[#]} Be6 $146 {[#]} ({Predecessor:} 17... Ne5 18. Qh5 Kd6 19. Qh6 Kc7 20. Qxf6 Nc6 21. Qxf7+ Kb8 22. Be6 Qc7 23. Qf6 Qh2 24. Qxd8 {1-0 (24) Mikaelyan,A (2432)-Bogdanovich,S (2595) Yerevan 2017}) 18. Qb3 (18. Qh5 $1 $18 {[%cal Rc4e6]} Nd4 19. Bxe6 fxe6 20. Qxh7+ Kd6 21. Qxb7 Qb5+ 22. Qxb5 Nxb5 23. Rxe6+ Kd5 24. Rxf6) 18... Qxf5 $16 {And now ...Rab8 would win.} (18... Qd2 $2 19. Rce1 Qb4 20. fxe6 Qxb3 21. Bxb3 $18 (21. axb3 Ne5 $16) (21. Rxb3 Na5 $14)) 19. Bxe6 fxe6 20. Qxb7+ Kf8 {Hoping for ...Ne5.} 21. Qxc6 {aiming for Rf3.} Rac8 22. Qxc8 Rxc8 23. Rxc8+ {[%mdl 4096] Endgame KQ-KRR} Ke7 $2 (23... Kg7 $14) 24. Rc7+ $18 Kd6 25. Rxa7 Qb5+ 26. Kg1 Qc4 27. a3 h5 28. Rb7 e5 (28... Qd4 $142 29. Re1 e5) 29. Rf3 Qxh4 {[#]} (29... Kc6 $142) 30. Rxf6+ $3 {[%mdl 512]} Kc5 (30... Qxf6 31. Rb6+) 31. Rf3 Qd4 32. Rb4 Qd2 33. Re4 Kd6 34. Rfe3 Qc1+ 35. Kh2 Qb2 36. Kg3 (36. Rxe5 Qxf2 37. R5e4 Kc6 $18) 36... Qc2 37. f3 Qd2 38. Re2 ({Weaker is} 38. Rxe5 h4+ 39. Kh2 Qf2 $18) 38... Qg5+ 39. Kh2 ({Resist} 39. Kf2 h4 40. a4 Kc7 41. Rc4+ Kb8 42. Rb4+ Ka7 $18) 39... h4 40. Rg4 ({Less strong is} 40. Rxe5 Qg3+ 41. Kg1 h3 $18) 40... Qc1 (40... Qh6 {keeps fighting.} 41. a4 Qh5) 41. a4 Qh6 42. Kh3 Qc1 {[%cal Rc1h1]} 43. Kxh4 Qf1 44. Ree4 Qf2+ 45. Kh3 Qd2 46. Rh4 Qd1 47. Kh2 Qc1 48. a5 {[%cal Ba4a5,Ba5a6][%mdl 32]} Qa3 49. a6 Kd5 1-0

[Event "32nd Reykjavik Open 2017"]
[Site "Reykjavik"]
[Date "2017.04.25"]
[Round "8"]
[White "Lemos, Damian"]
[Black "Andreikin, Dmitry"]
[Result "1/2-1/2"]
[WhiteElo "2471"]
[BlackElo "2734"]
[Annotator "TA"]
[PlyCount "70"]
[EventDate "2017.??.??"]
[EventType "swiss"]
[EventCountry "ISL"]
[SourceTitle "playchess.com"]
[Source "ChessBase"]
[SourceQuality "1"]

{[%evp 14,70,54,50,52,50,67,50,50,50,50,50,51,50,50,24,26,20,50,50,50,50,52,47,43,45,62,48,59,0,24,-8,27,27,27,27,24,20,27,18,20,19,25,24,17,16,31,26,18,16,17,17,36,6,0,0,0,0,7]} 1. Nf3 g6 2. e4 Bg7 3. d4 d6 4. Bc4 Nf6 5. Qe2 c6 6. Bb3 O-O 7. O-O Bg4 8. Nbd2 a5 {B06: Modern Defence} (8... d5 9. e5 Nfd7 10. h3 Bxf3 11. Nxf3 e6 12. h4 c5 13. c3 Nc6 14. h5 Rc8 15. g3 cxd4 16. cxd4 {1-0 (46) Carlsen,M (2851)-Petrosian,T (2611) chess.com INT 2016}) 9. a4 d5 10. e5 Nfd7 {White is slightly better.} 11. h3 Bxf3 12. Nxf3 e6 13. c3 c5 14. dxc5 Nc6 {[%cal Rc6e5]} 15. Bf4 $1 ({Of course not} 15. Bg5 Qc7 $15) 15... Qc7 $146 {[%cal Rc6e5]} (15... Nxc5 16. Bc2 {1-0 (63) Cosulich,R (2425)-Messa,R (2055) Castelvecchio Pascoli 1977}) 16. Rfe1 Nxc5 17. Bc2 f6 18. exf6 Qxf4 19. fxg7 Kxg7 20. Qb5 Qd6 21. Qe2 (21. Re3 $14) 21... Rf6 22. Ne5 Raf8 23. Ng4 Rf4 {[#] aiming for ...h5.} 24. f3 h5 25. Nf2 Rc4 26. Rad1 {Hoping for Qxc4!} Qg3 27. Nd3 {Black should prevent Nxc5.} Rf6 28. Nxc5 Rxc5 29. Bd3 b6 30. Bb5 Nd8 31. Qf2 Qxf2+ 32. Kxf2 Nb7 33. Re5 Nd6 {The position is equal.} 34. Bd3 Nf7 35. Re2 h4 1/2-1/2